000 00671nam a2200169Ia 4500
008 090711s9999 xx 000 0 und d
082 _b79859
100 _aकुलकर्णी रंगनाथ
245 _aसाहेब यशवंतरावजी Sाव्हाण
260 _bपी. के. अण्णा पाटील
_c1994
300 _a80
600 _aकुलकर्णी रंगनाथ
630 _aसाहेब यशवंतरावजी Sाव्हाण
700 _aकुलकर्णी रंगनाथ
730 _aसाहेब यशवंतरावजी Sाव्हाण
942 _cBOOK
999 _c320991
_d320991